Missing Word: NFL MVP II Quiz Stats

 Plays Quiz Updated May 14, 2016

Challenge
Share
Tweet
Embed
Score 0/20 Timer 02:00
0 Plays Today
Player Missing Word % Correct
Peyton ______Manning
97.2%
______ ElwayJohn
94.2%
______ WarnerKurt
89.9%
Tom ______Brady
89.1%
Cam ______Newton
88.9%
______ RodgersAaron
85.9%
Walter ______Payton
84.3%
LaDainian ______Tomlinson
80.6%
______ EsiasonBoomer
79.5%
Barry ______Sanders
78.8%
Player Missing Word % Correct
Fran ______Tarkenton
73.8%
______ SmithEmmitt
60.7%
Jim ______Brown
60.4%
______ Van BrocklinNorm
55.4%
Ken ______Stabler
52%
______ MorrallEarl
41.3%
______ AndersonKen
40.7%
______ GabrielRoman
34%
______ JonesBert
19%
Jim ______Taylor
17.7%

Today's Daily Dose

Missing Word
No Snow!

Word Ladder
Wild Cats

On This Day
December 16th II

You're not logged in!

Compare scores with friends on all Sporcle quizzes.
OR
Log In

You Might Also Like...

Show Comments

Extras

Top Quizzes Today


Score Distribution

Your Account Isn't Verified!

In order to create a playlist on Sporcle, you need to verify the email address you used during registration. Go to your Sporcle Settings to finish the process.

Report this User

Report this user for behavior that violates our Community Guidelines.

Details: